000 00428nam a2200181Ia 4500
001 13045
005 20260306163025.0
008 260306t2013||||xx |||||||||||||| ||spa||
041 _aESP
082 _aRD 658.3003
_bA43 T. 3
100 _aAlles, Martha Alicia
_eAUT
245 0 _aDiccionario de preguntas:
_bla trilogĂ­a
260 _c2013
300 _a
_c
650 _aGEN
654 _aCAN
942 _cDIC
_dJUS
_fJUS
_2ddc
_n
999 _c13045
_d13045